[Event "NOR-chT Club"]
[Site "Kristiansund"]
[Date "2017.10.21"]
[Round "3.14"]
[White "Kyrkjebo, Hannah Bakken"]
[Black "Moen, Andreas"]
[Result "0-1"]
[WhiteElo "1996"]
[BlackElo "2331"]
[PlyCount "98"]
[EventDate "2017.10.20"]
[EventType "team-tourn"]
[EventRounds "6"]
[EventCountry "NOR"]
[SourceTitle "CBM 181 Extra"]
[Source "ChessBase"]
[SourceDate "2017.12.12"]
[SourceVersion "1"]
[SourceVersionDate "2017.12.12"]
[SourceQuality "1"]
[WhiteTeam "Kyrkjebo"]
[BlackTeam "OSS"]
[WhiteTeamCountry "NOR"]
[BlackTeamCountry "NOR"]

1. e4 c5 2. Nf3 d6 3. Bb5+ Nd7 4. 0-0 a6 5. Bd3 Ngf6 6. Re1 b5 7. c4 Ne5 8. Nxe5 dxe5 9. Qc2 b4 10. b3 e6 11. Bb2 Bd6 12. Bf1 Bb7 13. d3 0-0 14. Nd2 a5 15. a4 Nd7 16. g3 Nb8 17. Bg2 Nc6 18. Nf3 Qe7 19. Rad1 Rad8 20. Qc1 Bb8 21. Qa1 f6 22. Bc1 Bc8 23. Be3 Bd7 24. Qc1 Be8 25. h3 Bh5 26. Rd2 Kh8 27. Nh2 Rd7 28. Bf3 Bg6 29. h4 Rfd8 30. Red1 h6 31. Kg2 Bh7 32. Qc2 Qd6 33. Be2 f5 34. exf5 exf5 35. f4 Nd4 36. Qb1 exf4 37. Bxf4 Qc6+ 38. Bf3 Nxf3 39. Nxf3 Bxf4 40. gxf4 Rd4 41. Kg3 Qg6+ 42. Kf2 Rxf4 43. Rg1 Qh5 44. Rg3 Qxh4 45. Qg1 Bg6 46. Kf1 Bh5 47. Rf2 Bxf3 48. Rfxf3 Rxd3 49. Qf2 Qh1+ 0-1

[Event "Helsingor Xtracon op"]
[Site "Helsingor"]
[Date "2017.07.27"]
[Round "7"]
[White "Kyrkjebo, Hannah Bakken"]
[Black "Sorensen, Viggo"]
[Result "1-0"]
[WhiteElo "1923"]
[BlackElo "1680"]
[PlyCount "89"]
[EventDate "2017.07.22"]
[EventType "swiss"]
[EventRounds "10"]
[EventCountry "DEN"]
[SourceTitle "CBM 179 Extra"]
[Source "ChessBase"]
[SourceDate "2017.08.23"]
[SourceVersion "1"]
[SourceVersionDate "2017.08.23"]
[SourceQuality "1"]

1. e4 c5 2. Nf3 Nc6 3. Bb5 d6 4. Bxc6+ bxc6 5. e5 dxe5 6. Nxe5 Qd5 7. Nf3 Qe4+ 8. Kf1 Nf6 9. d3 Qf5 10. Nc3 e6 11. h3 h5 12. Qe2 Be7 13. Ne4 Ba6 14. c4 Rd8 15. b3 0-0 16. Bb2 Rd7 17. Ne5 Rc7 18. Ng3 Qh7 19. Kg1 Rd8 20. Rd1 h4 21. Nf1 Nd7 22. Nf3 Nf8 23. Qe1 Bc8 24. Qa5 Bd6 25. Be5 Rcd7 26. Bxd6 Rxd6 27. Qxa7 Rxd3 28. Rxd3 Rxd3 29. Ne5 Rd8 30. Qxf7+ Kh8 31. Nxc6 Qd3 32. Qh5+ Nh7 33. Nxd8 Qxd8 34. Qxc5 Bb7 35. Ne3 Nf6 36. Qe5 Qc8 37. Kh2 Ne4 38. Rf1 Nd2 39. Rd1 Ne4 40. Qh5+ Kg8 41. Qxh4 Qc7+ 42. Kg1 Nf6 43. Qd4 Qc6 44. b4 Ne4 45. b5 1-0

[Event "Barcelona Sant Marti op-A 19th"]
[Site "Barcelona"]
[Date "2017.07.19"]
[Round "7"]
[White "Mateus Urbano, Luis Alejandro"]
[Black "Kyrkjebo, Hannah Bakken"]
[Result "1-0"]
[WhiteElo "2240"]
[BlackElo "1923"]
[PlyCount "87"]
[EventDate "2017.07.13"]
[EventType "swiss"]
[EventRounds "9"]
[EventCountry "ESP"]
[SourceTitle "EXT 2018"]
[Source "ChessBase"]
[SourceDate "2017.10.13"]
[SourceVersion "1"]
[SourceVersionDate "2017.10.13"]
[SourceQuality "1"]

1. d4 Nf6 2. Nc3 d5 3. Bf4 Bf5 4. Nb5 Na6 5. a3 c6 6. Nc3 e6 7. e3 Nb8 8. Bd3 Bg6 9. Nf3 Nbd7 10. 0-0 Be7 11. Ne5 Nxe5 12. Bxe5 Bd6 13. f4 0-0 14. Qf3 Be7 15. Bxf6 Bxf6 16. g4 Bxd3 17. cxd3 g6 18. Rac1 Bg7 19. Rc2 f5 20. g5 Rc8 21. Rfc1 Qd7 22. Ne2 Rc7 23. h4 Rfc8 24. b4 a5 25. h5 Qe7 26. Rb1 Ra8 27. Qh3 axb4 28. axb4 Ra4 29. Rcb2 b5 30. hxg6 hxg6 31. Kf2 Rca7 32. Rh1 Ra2 33. Qh7+ Kf7 34. Rxa2 Rxa2 35. Rh6 Kf8 36. Rxg6 Ra7 37. Ng3 Qxb4 38. Rxe6 Qd2+ 39. Ne2 Rf7 40. g6 Ra7 41. Rf6+ Ke8 42. Qg8+ Kd7 43. Qxg7+ Kc8 44. Rf8# 1-0

[Event "Barcelona Sant Marti op-A 19th"]
[Site "Barcelona"]
[Date "2017.07.15"]
[Round "3"]
[White "Sama Salinas, Hector"]
[Black "Kyrkjebo, Hannah Bakken"]
[Result "1-0"]
[WhiteElo "2205"]
[BlackElo "1923"]
[PlyCount "97"]
[EventDate "2017.07.13"]
[EventType "swiss"]
[EventRounds "9"]
[EventCountry "ESP"]
[SourceTitle "EXT 2018"]
[Source "ChessBase"]
[SourceDate "2017.10.13"]
[SourceVersion "1"]
[SourceVersionDate "2017.10.13"]
[SourceQuality "1"]

1. e4 e5 2. Nf3 Nc6 3. d4 exd4 4. Nxd4 Bc5 5. Nxc6 Qf6 6. Qf3 dxc6 7. Nc3 Be6 8. Be3 Bb4 9. Qxf6 Nxf6 10. f3 a6 11. Kf2 0-0-0 12. Be2 Nd7 13. Na4 Be7 14. b3 b5 15. Nb2 Bf6 16. Rab1 Nb6 17. Nd3 Be7 18. Rbd1 Kb8 19. Nc5 Bc8 20. Rxd8 Rxd8 21. Rd1 Rxd1 22. Bxd1 Nd7 23. Nd3 f6 24. f4 Nf8 25. Bf3 Bb7 26. Bc5 Ng6 27. Bxe7 Nxe7 28. Ke3 Ka7 29. Kd4 Kb6 30. b4 Bc8 31. f5 g6 32. g4 gxf5 33. gxf5 Bd7 34. Bh5 Bc8 35. Nc5 a5 36. a3 axb4 37. axb4 h6 38. Be8 Ng8 39. c3 Ne7 40. Bd7 Ka7 41. Bxc8 Nxc8 42. Nd7 Nd6 43. Nxf6 Kb8 44. Ng8 Nf7 45. Ne7 Kb7 46. e5 h5 47. e6 Nd8 48. Ke5 Kb6 49. f6 1-0